| 000 | 00380nam a2200121Ia 4500 | ||
|---|---|---|---|
| 005 | 20251222141828.0 | ||
| 008 | 251222s9999||||xx |||||||||||||| ||spa|| | ||
| 082 | _a985.012.2/C25 | ||
| 100 | _aCanziani Amico, José | ||
| 245 | 0 | _aAsentamientos Humanos y Formaciones Sociales en la Costa Norte del Antiguo Perú: | |
| 264 | _bInstituto Andino de Estudio Arqueológicos | ||
| 942 | _cLIB | ||
| 999 |
_c7022 _d7022 |
||